000 01932nam0a2200349 4500
001 RU\NLR\BIBL_A\011858872
005 20190415150727.0
010 _a978-5-9909573-8-1
_9500
021 _aRU
_bКН-П-18-075034
_9КН-П-18-5420
035 _a(NLR Aleph) 011858872
090 _a12141886
_c12141886
100 _a20181109d2017 u y0rusy50 ca
101 0 _arus
102 _aRU
105 _aa|||zzzz000zy
200 1 _aМетодические подходы к формированию механизма обеспечения самодостаточного развития дотационно- депрессивных регионов
_e[монография
_fЯковлев А.Е., Петров С.Ю., Яковлева А.В. и др.
_gпод редакцией профессора А. Е. Яковлева]
210 _aЧебоксары
_cПерфектум
_d2017
215 _a295 с.
_cил., табл.
_d21
300 _aАвт. указаны на обороте тит. л.
320 _aБиблиогр.: с. 272-290 (262 назв.) и в подстроч. примеч.
606 1 _aДепрессивные территории
_xНародное хозяйство
_yРоссийская Федерация
_2nlr_sh2
_3RU\NLR\AUTH\6601653066
610 0 _aдотационно-депрессивные регионы
686 1 _aУ9(2)-971(2Р)
701 1 _aЯковлев
_bА. Е.
_cд-р экон. наук
_f1953-
_gАнатолий Егорович
_3RU\NLR\AUTH\7742284
701 1 _aПетров
_bС. Ю.
_cканд.экон. наук
_gСергей Юрьевич
_3RU\NLR\AUTH\770202969
701 1 _aЯковлева
_bА. В.
702 1 _aЯковлев
_bА. Е.
_cд-р экон. наук
_f1953-
_gАнатолий Егорович
_3RU\NLR\AUTH\7742284
_4340
942 _cBOOK
980 _aNBR
980 _aNB